| 000 | 00690cab a2200241 4500 | ||
|---|---|---|---|
| 001 | ABS42658 | ||
| 008 | 090401t1990 xxu||||| |||| 00| 0 eng d | ||
| 035 | _a(Sirsi) u38153 | ||
| 041 | _aeng | ||
| 100 | _aYoung, R. | ||
| 245 | _aProperty companies in a downward market | ||
| 260 | _c1990 | ||
| 350 | _a0 | ||
| 490 |
_aEstates Gazette _v(9021) 26 May 1990, 22-176(3) |
||
| 520 | _aOutlines some financial and taxation implications of the current slump in the property market for property companies . | ||
| 650 | _aFUNDING | ||
| 650 | _aINVESTMENT | ||
| 650 | _aRECESSION | ||
| 690 | _aPROPERTY-COMMERCIAL PROPERTY | ||
| 700 | _aLee, G. | ||
| 942 | _n0 | ||
| 948 | _c04/03/1997 | ||
| 999 |
_c24517 _d24517 |
||